00349nam a2200133Ia 4500003000400000008004100004040001600045082002000061100001900081245005000100260004300150300001000193650001200203GCL140319s9999 xx 000 0 eng d aGCL / cGCL04a797.124071bD L1 aDRISCOLL, JOHN10aLEARN TO SAIL IN A WEEKEND / cDRISCOLL, JOHN a[S.N] : bDORLING KINDERSLEY ، c1993 a95 PP04aSAILING